| 000 | 00828nam a2200253 a 4500 | ||
|---|---|---|---|
| 005 | 20250304063800.0 | ||
| 008 | 160209s2013 mx r 000 0 spa d | ||
| 020 | _a9789870605461 | ||
| 035 | _aUPN01000208053 | ||
| 049 | _aCG | ||
| 050 | 4 |
_aQP360.5 _bC4.7 |
|
| 245 | 0 | 3 |
_aEl cerebro que aprende : _buna mirada a la educación desde las neurociencias / _ccomp. Alexia Rattazzi ; Diego Golombek ... [et al.]. |
| 260 |
_aBuenos Aires : _bAique Educación, _c2013. |
||
| 300 | _a216 p. | ||
| 440 | 0 | _aNeurociencias y educación | |
| 650 | 4 |
_aNeurociencia cognitiva _914183 |
|
| 650 | 4 |
_aPsicopedagogía _95085 |
|
| 650 | 2 |
_aNeurociencias _915751 |
|
| 650 | 4 |
_aAprendizaje _xAspectos fisiológicos _96892 |
|
| 700 | 1 |
_aRattazzi, Alexia, _ecomp. |
|
| 700 | 1 |
_aGolombek, Diego, _ecoaut. |
|
| 905 | _aLibro | ||
| 999 |
_c180154 _d180154 |
||